00511cam a22001811 450000100070000000500170000700800410002401000170006504000180008204100080010004300120010808000170012008200200013710000070015710100080016424000360017224501210020827471920180201084504.0721219s1939 nyuabcf 000 0beng  a 39027998  aDLCcDLCdDLC aeng an-us--- a973.7092 SAN00a973.7092 SANaB1 a16 aHIS10aAbraham Lincoln: the war years.00aAbraham Lincoln;cby Carl Sandburg. With 414 half-tones of photographs and 249 cuts of cartoons, letters, documents.